000 00717nam a2200253Ia 4500
003 OSt
005 20221005033138.0
006 a|||||r|||| 00| 0
007 ta
008 221004b |||||||| |||| 00| 0 urd d
020 _a97881909536000 (HBK)
024 _a2898
037 _bGift, 18/03/2013,
_cTextual
040 _aCRL
_cCRL
_burd
041 _2urd
_aurd
082 _aO168,3N15:g, Q2
100 _aMahboob Hasan
_9585912
245 0 _aIsmat Chughtai aur Jane Austen
260 _aDelhi
_bArshia Publiction India
_c2012
300 _a221p.
_ccm.
650 _aURDU LITERATURE
942 _hO168,3N15:g, Q2
_cTEXL
_2cc
999 _c941022
_d941022